| 000 | 00644nam a2200205 a 4500 | ||
|---|---|---|---|
| 005 | 20240316063734.0 | ||
| 008 | 030325s2004 mx r 000 0 spa d | ||
| 020 | _a9509217654 | ||
| 035 | _aUPN01000123228 | ||
| 049 | _aCG | ||
| 050 | 4 |
_aB945 M2.98 _bE5.2 |
|
| 100 | 1 | _aEntel, Alicia | |
| 245 | 1 | 0 |
_aAcerca de la felicidad : _bun análisis de tres escritos de Herbert Marcuse / _cAlicia Entel. |
| 260 |
_aBuenos Aires : _bPrometeo libros, _c2004. |
||
| 300 | _a163 p. | ||
| 600 | 1 | 4 |
_aMarcuse, Herbert, _d1898-1979 _xCrítica e interpretación _917545 |
| 650 | 4 |
_aFelicidad _xFilosofía _916951 |
|
| 650 | 4 |
_aFilosofía _95327 |
|
| 905 | _aLibro | ||
| 999 |
_c95409 _d95409 |
||